Transfers der Sommerpause 24/25 #3 - Statistiken

Allgemein
  • Dieses Quiz wurde 99 mal gespielt
  • Das Durchschnittsergebnis liegt bei 5 aus 10
Antwortstatistiken
Vorheriger Verein Neuer Verein Ablösesumme Spieler % Korrekt
Vfb Stuttgart Borussia Dortmund 18 Millionen Serhou Guirassy
90%
Juventus Turin FC Liverpool 12 Millionen Federico Chiesa
70%
RB Leipzig Al-Nassr 35 Millionen Mohamed Simakan
68%
Eintracht Frankfurt Paris SG 40 Millionen Willian Pacho
65%
FC Girona AS Rom 30,5 Millionen Artem Dovbyk
63%
FC Chelsea FC Arsenal Leihe Raheem Sterling
61%
FC Chelsea SSC Neapel 30 Millionen Romelu Lukaku
43%
Real Sociedad Atletico Madrid 34,5 Millionen Robin Le Normand
34%
FC Chelsea Aston Villa 44,5 Millionen Ian Maatsen
28%
US Sassuolo Inter Mailand 29 Millionen Davide Frattesi
15%
Keine übereinstimmenden Quizze gefunden
Verteilung der Resultate
Anzahl Personen mit jedem Resultat
Perzentil nach korrekt beantworteten Fragen
Ihre Resultats-Entwicklung
Sie haben dieses Quiz noch nicht gespielt